| 000 | 00446nam a2200181Ia 4500 | ||
|---|---|---|---|
| 005 | 20250923145956.0 | ||
| 008 | 008 250917s9999 xx 000 0 eng d | ||
| 037 | _aTextual | ||
| 040 |
_aDSWL _beng _cDSWL |
||
| 041 |
_aeng _2eng |
||
| 084 | _qDSWL | ||
| 100 |
_aHadfield, J.N. _9840899 |
||
| 245 | 0 |
_aChildhood and Adolescence _c by J.N. Hadfield |
|
| 260 | _c1962 | ||
| 300 | _a288 p. | ||
| 942 | _cTEXL | ||
| 999 |
_c1458024 _d1458024 |
||